00000000nam 2200000zi 4500
0019.948616
003CaOODSP
00520250303101459
006m     o  d f      
007cr mn|||||||||
008030325t20252025onc     ob   f000 0 fre d
040 |aCaOODSP|bfre|erda|cCaOODSP
043 |an-cn---
0861 |aP29-003-522-2025F-PDF
24500|aCarburant diesel contenant du biodiesel (B6-B20).
250 |a[Édition de février 2025].
264 1|aOttawa (Ontario) : |bOffice des normes générales du Canada : |bConseil canadien des normes, |c2025.
264 4|c©2025
300 |a1 ressource en ligne (26 pages).
336 |atexte|btxt|2rdacontent/fre
337 |ainformatique|bc|2rdamedia/fre
338 |aressource en ligne|bcr|2rdacarrier/fre
4901 |aNorme nationale du Canada ; |vCAN/CGSB-3.522-2025
500 |a« Publiée, février 2025. »
500 |a« Expérience et excellence » -- Couverture.
500 |aRemplace CAN/CGSB-3.522-2020.
500 |aPublié aussi en anglais sous le titre: Diesel fuel containing biodiesel (B6-B20).
504 |aComprend des références bibliographiques.
520 |a« La présente Norme nationale du Canada s'applique au carburant diesel de type B, Bxx, contenant de 6 à 20 % en volume de biodiesel. Le carburant conforme à la présente norme est destiné aux moteurs diesels à régime élevé dans des applications sur route et hors route et à certains équipements alimentés par des moteurs diesels à régime moyen » -- Objet, page 1.
650 6|aCarburants diesel|xNormes|zCanada.
7102 |aConseil canadien des normes, |eorganisme de publication.
7102 |aOffice des normes générales du Canada, |eorganisme de publication.
77508|tDiesel fuel containing biodiesel (B6-B20).|w(CaOODSP)9.948614
795 |tCarburant diesel contenant du biodiesel (B6-B20).|b[Édition de février 2020]|w(CaOODSP)9.884953
830#0|aNorme nationale du Canada ;|vno 3.522-2025.|w(CaOODSP)9.504227
85640|qPDF|s2.19 Mo|uhttps://publications.gc.ca/collections/collection_2025/ongc-cgsb/P29-003-522-2025-fra.pdf
986 |aICS 75.160.20|aICS 75.160.40